00206nam a2200085Ia 4500008004100000100002300041245002900064260001800093260000900111180219s9999 xx 000 0 und d aGoyal Hemant Kumar 0aComputer Vegian Shikshan aR Lall Meerut c2013